000 00624nam a2200205 i 4500
001 141494
003 ES-MaACL
005 20250809063523.0
007 t|
008 070924s1966 sp ||||1| cat d
100 1 _aVoillaume, René,
_d1905-2003
_9115676
245 1 0 _aSeguint Jesús /
_cRené Voillaume ; versió catalana de Salvador Cabré.
250 _a[1ª ed.].
260 _aBarcelona :
_bNova Terra,
_c[1966]
300 _a134 p. ;
_c21 cm.
600 0 4 _aJesucristo-
_vMeditaciones.
_966371
700 1 _aCabré, Salvador.
_933264
852 _aES-MaACL
_jC-29797
_bR.60123
999 _c141494
_d141494